<?xml version="1.0" encoding="UTF-8"?><?xml-stylesheet type="text/xsl" href="static/style.xsl"?><OAI-PMH xmlns="http://www.openarchives.org/OAI/2.0/" xmlns:xsi="http://www.w3.org/2001/XMLSchema-instance" xsi:schemaLocation="http://www.openarchives.org/OAI/2.0/ http://www.openarchives.org/OAI/2.0/OAI-PMH.xsd"><responseDate>2026-04-18T06:01:47Z</responseDate><request verb="GetRecord" identifier="oai:www.recercat.cat:2072/250591" metadataPrefix="marc">https://recercat.cat/oai/request</request><GetRecord><record><header><identifier>oai:recercat.cat:2072/250591</identifier><datestamp>2025-03-11T16:33:33Z</datestamp><setSpec>com_2072_220028</setSpec><setSpec>com_2072_4427</setSpec><setSpec>col_2072_479371</setSpec></header><metadata><record xmlns="http://www.loc.gov/MARC21/slim" xmlns:dcterms="http://purl.org/dc/terms/" xmlns:xsi="http://www.w3.org/2001/XMLSchema-instance" xmlns:doc="http://www.lyncode.com/xoai" xsi:schemaLocation="http://www.loc.gov/MARC21/slim http://www.loc.gov/standards/marcxml/schema/MARC21slim.xsd">
   <leader>00925njm 22002777a 4500</leader>
   <datafield ind2=" " ind1=" " tag="042">
      <subfield code="a">dc</subfield>
   </datafield>
   <datafield ind2=" " ind1=" " tag="720">
      <subfield code="a">Járrega Domínguez, Ramón</subfield>
      <subfield code="e">author</subfield>
   </datafield>
   <datafield ind2=" " ind1=" " tag="260">
      <subfield code="c">2012</subfield>
   </datafield>
   <datafield ind2=" " ind1=" " tag="520">
      <subfield code="a">Se  recopila  la  información  existente  sobre  la  difusión  de  la  terra  sigillata  hispánica  tardía  (TSHT)  en  el  litoral mediterráneo  de Hispania,  concretamente  en  las  actuales  Cataluña,  Comunidad  Valenciana  y  Baleares.  Se  analizan  los 
contextos arqueológicos conocidos con la finalidad de determinar la cronología y la presencia porcentual de este tipo cerámico 
en le levante peninsular.</subfield>
   </datafield>
   <datafield ind2=" " ind1=" " tag="520">
      <subfield code="a">In this work we compile the actual information about de distribution of Late Hispanic terra sigillata (THST) in the Mediterranean coast of Hispania, particularly in the current Catalonia, Valencia and Baleares. It will be discussed the known archaeological  contexts  in  order  to  determine  the  chronology  and  percentage  presence  of  such  ceramics  in  the  East  of  the Iberian Peninsula.</subfield>
   </datafield>
   <datafield ind1="8" ind2=" " tag="024">
      <subfield code="a">Járrega, R. (2012) «La terra sigillata hispánica tardía (TSHT) en la costa este de Hispania. Una aproximación general» Revista de la SECAH – Ex officina hispana, 1, 22-25</subfield>
   </datafield>
   <datafield ind1="8" ind2=" " tag="024">
      <subfield code="a">http://hdl.handle.net/2072/250591</subfield>
   </datafield>
   <datafield ind2="0" ind1="0" tag="245">
      <subfield code="a">La terra sigillata hispánica tardía (TSHT) en la costa este de Hispania. Una aproximación general</subfield>
   </datafield>
</record></metadata></record></GetRecord></OAI-PMH>